| 000 | 01111nam a2200229Ia 4500 | ||
|---|---|---|---|
| 001 | 11518 | ||
| 003 | GE_BSU | ||
| 008 | 181216s||||||||xx |||||||||||||| ||und|| | ||
| 040 | _cGE_BSU | ||
| 080 | _a633/635(213.2):631 | ||
| 100 | _aკობახიძე,შ. | ||
| 245 | _aსუბტროპიკული მცენარეული ნედლეულის შენახვა და გადამუშავება. | ||
| 245 | _bსახელმძღვ.სუბტროპიკული მეურნეობის ინ–ტის სტუდენტებისათვის. | ||
| 245 | _cრედ:ა.ბედია;გარეკანის მხატვარი:ი.მჭედლიშვილი. | ||
| 260 | _aთბილისი. | ||
| 260 | _bგანათლება. | ||
| 260 | _c1969. | ||
| 300 | _a340გვ;22სმ. | ||
| 300 | _eილ. | ||
| 653 | _aსუბტროპიკული მცენარეული ნედლეულის შენახვა და გადამუშავება. | ||
| 942 | _cBK | ||
| 999 |
_c44713 _d44713 |
||